UBT Library

A dissection guide & atlas to the fetal pig / (Record no. 39836)

000 -LEADER
fixed length control field 00847cam a22002777a 4500
001 - CONTROL NUMBER
control field 17810552
005 - DATE AND TIME OF LATEST TRANSACTION
control field 20180109034506.0
008 - FIXED-LENGTH DATA ELEMENTS--GENERAL INFORMATION
fixed length control field 130712s2003 coua b 001 0 eng d
010 ## - LIBRARY OF CONGRESS CONTROL NUMBER
LC control number 2012554939
020 ## - INTERNATIONAL STANDARD BOOK NUMBER
International Standard Book Number 9780895826268
020 ## - INTERNATIONAL STANDARD BOOK NUMBER
International Standard Book Number 0895826267
035 ## - SYSTEM CONTROL NUMBER
System control number (OCoLC)ocm51935069
040 ## - CATALOGING SOURCE
Original cataloging agency YYP
Transcribing agency YYP
Modifying agency BAKER
-- YDXCP
-- OCLCO
-- DLC
041 ## - LANGUAGE CODE
Language code of text/sound track or separate title eng
042 ## - AUTHENTICATION CODE
Authentication code lccopycat
080 ## - UNIVERSAL DECIMAL CLASSIFICATION NUMBER
Universal Decimal Classification number 611 DAV
100 1# - Rafti
Rafti 7
101 ## - Shkurtesa
Shkurtesa ANA
245 12 - TITLE STATEMENT
Title A dissection guide & atlas to the fetal pig /
Statement of responsibility, etc David G. Smith, Michael P. Schenk.
246 14 - VARYING FORM OF TITLE
Title proper/short title Dissection guide and atlas to the fetal pig
246 30 - VARYING FORM OF TITLE
Title proper/short title Fetal pig
504 ## - BIBLIOGRAPHY, ETC. NOTE
Bibliography, etc Includes bibliographical references (p. 117) and index.
906 ## - LOCAL DATA ELEMENT F, LDF (RLIN)
a 7
b cbc
c copycat
d 3
e ncip
f 20
g y-gencatlg
942 ## - ADDED ENTRY ELEMENTS (KOHA)
Source of classification or shelving scheme
Item type Books
Holdings
Withdrawn status Lost status Source of classification or shelving scheme Damaged status Not for loan Collection code Permanent location Current location Shelving location Date acquired Total Checkouts Full call number Barcode Date last seen Price effective from Koha item type
          Koleksioni i përgjithshem UBT - Lipjan UBT - Lipjan Koleksioni i përgjithshem 01/09/2018   611 DAV 002-2995001 01/09/2018 01/09/2018 Books
          Koleksioni i përgjithshem UBT - Lipjan UBT - Lipjan Koleksioni i përgjithshem 01/09/2018   611 DAV 002-2995005 01/09/2018 01/09/2018 Books
UBT Library © 2015-2024. All rights reserved University Education for Business and Technology